[Event "16th ch-EUR Indiv w 2015"]
[Site "Chakvi GEO"]
[Date "2015.05.20"]
[Round "2.47"]
[White "Jibuti, Nata"]
[Black "Petrenko, Svetlana"]
[Result "0-1"]
[WhiteTitle "WFM"]
[BlackTitle "IM"]
[WhiteElo "1694"]
[BlackElo "2207"]
[WhiteFideId "13603094"]
[BlackFideId "13900196"]
[EventDate "2015.05.19"]

1. e4 c5 2. Nf3 Nc6 3. d4 cxd4 4. Nxd4 Nf6 5. Nc3 e6 6. Ndb5 d6 7. Bf4 e5 8. Bg5
a6 9. Na3 b5 10. Nd5 Be7 11. Bxf6 Bxf6 12. c3 O-O 13. Nc2 Bg5 14. a4 bxa4 15.
Rxa4 a5 16. Bc4 Be6 17. O-O Rb8 18. b3 Kh8 19. Nce3 g6 20. Qe2 f5 21. exf5 gxf5
22. f4 exf4 23. Nxf4 Bxc4 24. Rxc4 Qb6 25. Nd5 Qb5 26. Qh5 Bxe3+ 27. Nxe3 Qb6
28. Kh1 Qxe3 29. Rxc6 Rb7 30. h4 Qe4 31. Rxd6 Rg7 32. Rg1 Rg3 33. Kh2 Rfg8 34.
Rd2 Qf4 35. Kh1 Qxd2 36. Qxf5 Qxc3 0-1

[Event "16th ch-EUR Indiv w 2015"]
[Site "Chakvi GEO"]
[Date "2015.05.20"]
[Round "2.48"]
[White "Imnadze, Nato"]
[Black "Chanturia, Tamar"]
[Result "1-0"]
[WhiteTitle "WIM"]
[WhiteElo "2196"]
[BlackElo "1688"]
[WhiteFideId "13600974"]
[BlackFideId "13603175"]
[EventDate "2015.05.19"]

1. e4 Nc6 2. Nc3 Nf6 3. d4 d6 4. h3 g6 5. g4 Bg7 6. Be3 a6 7. a4 e5 8. Nge2 exd4
9. Nxd4 O-O 10. Bg2 Re8 11. O-O Ne5 12. f4 Nc4 13. Bc1 c6 14. Qd3 Be6 15. Nxe6
Qb6+ 16. Kh1 Rxe6 17. Qxc4 Rae8 18. a5 Qa7 19. Qd3 Nd7 20. Be3 Nc5 21. Qc4 Bf8
22. b4 d5 23. Bxc5 1-0

[Event "16th ch-EUR Indiv w 2015"]
[Site "Chakvi GEO"]
[Date "2015.05.20"]
[Round "2.49"]
[White "Lomaia, Diana"]
[Black "Hairapetian, Anna"]
[Result "0-1"]
[BlackTitle "WIM"]
[WhiteElo "1449"]
[BlackElo "2192"]
[WhiteFideId "13612476"]
[BlackFideId "13303554"]
[EventDate "2015.05.19"]

1. e4 c5 2. Nf3 d6 3. d4 cxd4 4. Nxd4 Nf6 5. Nc3 g6 6. Be3 Bg7 7. f3 Nc6 8. Qd2
O-O 9. Be2 Bd7 10. O-O Ne5 11. Nd5 Rc8 12. Rad1 Nxd5 13. exd5 Qc7 14. c3 Qa5 15.
Nc2 Ba4 16. f4 Nd7 17. Bf3 Nb6 18. Bf2 Nc4 19. Qc1 Bxc2 20. Qxc2 Qxa2 21. Ra1
Qxb2 22. Qxb2 Nxb2 23. Rxa7 Rxc3 24. Rxb7 Nd3 25. Rxe7 Nxf4 26. Bg3 Bd4+ 27. Kh1
Nd3 28. h3 Be5 29. Bh4 Rfc8 30. Bg4 f5 31. Be2 Nf4 32. Bf3 Rc1 33. Kg1 Rxf1+ 34.
Kxf1 Rc1+ 35. Kf2 Rc2+ 36. Kf1 Rc1+ 37. Kf2 h6 38. Re8+ Kf7 39. Re7+ Kf8 40. Rb7
g5 41. Rb8+ Kg7 42. Rb7+ Kg6 43. Bxg5 hxg5 0-1

[Event "16th ch-EUR Indiv w 2015"]
[Site "Chakvi GEO"]
[Date "2015.05.21"]
[Round "3.3"]
[White "Bodnaruk, Anastasia"]
[Black "Girya, Olga"]
[Result "0-1"]
[WhiteTitle "IM"]
[BlackTitle "WGM"]
[WhiteElo "2402"]
[BlackElo "2479"]
[WhiteFideId "4181751"]
[BlackFideId "4195752"]
[EventDate "2015.05.19"]

1. e4 c6 2. d4 d5 3. e5 Bf5 4. Nf3 e6 5. Be2 Ne7 6. O-O Bg6 7. Nbd2 Nf5 8. Nb3
Nd7 9. Bd2 a6 10. c4 dxc4 11. Bxc4 a5 12. a4 Bb4 13. Bxb4 axb4 14. a5 O-O 15.
Qe1 Qe7 16. Be2 Rfd8 17. Rc1 b6 18. axb6 Nxb6 19. Rxc6 Nd5 20. Qd2 Qa7 21. Ra6
Qd7 22. Rxa8 Rxa8 23. Rc1 h6 24. Bd3 Rd8 25. h3 Qa4 26. Nc5 Qa7 27. Be4 Nfe7 28.
Bxg6 Nxg6 29. Nd3 Qb6 30. Rc4 Qb5 31. b3 Rb8 32. Kh2 Qa5 33. Nfe1 Qa3 34. Nc5
Nge7 35. Ned3 Nf5 36. g4 Nh4 37. Kg3 Ng6 38. f4 Nge7 39. Qb2 Qa8 40. Rc1 h5 41.
Ra1 Qc6 42. Ra6 Qc8 43. Qa1 Ng6 44. Qa5 Nc3 45. Kf3 Nb5 46. d5 exd5 47. Kg3 Nd4
48. Rd6 h4+ 49. Kf2 Nxb3 50. Nxb3 Qc2+ 51. Ke3 Qxb3 52. Qxd5 Qxd5 53. Rxd5 b3
54. Nb2 Rb4 55. f5 Nf4 56. Rd8+ Kh7 57. Rd2 Kh6 58. e6 fxe6 59. fxe6 Kg6 60. Rd6
Kf6 61. g5+ Ke7 62. Rd7+ Kxe6 63. Rxg7 Nxh3 64. g6 Nf4 65. Rg8 Nd5+ 66. Kf3 Ne7
67. Rg7 Nd5 68. Rh7 Rf4+ 69. Kg2 Ne3+ 70. Kh3 Nf5 71. Rb7 Rf3+ 72. Kg4 Rg3+ 73.
Kf4 Nd4 74. Rh7 Ne2+ 75. Ke4 h3 76. Nd3 Kf6 77. g7 Kf7 78. Nb2 Kg8 79. Rh4 Kxg7
80. Kf5 Rf3+ 81. Kg4 Rg3+ 82. Kf5 Rf3+ 83. Kg4 Ng1 84. Rh5 Rf2 85. Nd3 Rd2 86.
Rg5+ Kf6 87. Rf5+ Ke7 88. Nf2 b2 89. Re5+ Kd7 90. Re1 Rxf2 91. Rxg1 Rg2+ 0-1

[Event "16th ch-EUR Indiv w 2015"]
[Site "Chakvi GEO"]
[Date "2015.05.21"]
[Round "3.5"]
[White "Batsiashvili, Nino"]
[Black "Savina, Anastasia"]
[Result "1-0"]
[WhiteTitle "IM"]
[BlackTitle "IM"]
[WhiteElo "2473"]
[BlackElo "2417"]
[WhiteFideId "13602993"]
[BlackFideId "4196872"]
[EventDate "2015.05.19"]

1. d4 Nf6 2. c4 g6 3. Nc3 Bg7 4. e4 d6 5. f3 O-O 6. Be3 a6 7. Qd2 Nbd7 8. Bd3 c5
9. Nge2 Nh5 10. O-O e5 11. dxc5 Nxc5 12. Rad1 Be6 13. b3 Qa5 14. Bb1 Rfd8 15.
Nd5 Qxd2 16. Rxd2 Bxd5 17. cxd5 a5 18. Nc3 Bf8 19. Bc2 Rdc8 20. Nb5 Ng7 21. f4
Nd7 22. g3 Ne8 23. Bd3 Bg7 24. f5 Bf8 25. Rc2 Rxc2 26. Bxc2 Rc8 27. Bb1 Be7 28.
g4 g5 29. Kf2 Bd8 30. Kf3 f6 31. Bd3 Bb6 32. Bd2 Nc5 33. Rc1 Ra8 34. Be2 Kf7 35.
Na3 Bd8 36. Be3 b6 37. Bb5 Nc7 38. Bc6 Rb8 39. Nc4 Be7 40. Bxc5 bxc5 41. Nxa5
Rh8 42. h3 h5 43. Kg3 Na6 44. a3 h4+ 45. Kf3 Rb8 46. Bb7 Nc7 47. a4 Kf8 48. Bc6
Na6 49. Bb5 Nb4 50. Nc6 Nxc6 51. dxc6 Rc8 52. Rd1 Ke8 53. Ba6 Rxc6 54. Bb5 Kd7
55. a5 Kc7 56. Bxc6 Kxc6 57. a6 Kb6 58. Ra1 Ka7 59. Ke3 1-0

[Event "16th ch-EUR Indiv w 2015"]
[Site "Chakvi GEO"]
[Date "2015.05.21"]
[Round "3.6"]
[White "Sviridova, Vlada"]
[Black "Javakhishvili, Lela"]
[Result "1/2-1/2"]
[WhiteTitle "WFM"]
[BlackTitle "IM"]
[WhiteElo "2087"]
[BlackElo "2472"]
[WhiteFideId "24109606"]
[BlackFideId "13601458"]
[EventDate "2015.05.19"]

1. d4 Nf6 2. c4 e6 3. Nf3 Bb4+ 4. Bd2 a5 5. g3 d6 6. Bg2 Nbd7 7. O-O e5 8. Nc3
c6 9. Qc2 O-O 10. e4 exd4 11. Nxd4 Re8 12. Rae1 Ne5 13. b3 Bc5 14. Nf3 Nxf3+ 15.
Bxf3 Bh3 16. Bg2 Qd7 17. Na4 Ba7 18. Bg5 Bxg2 19. Kxg2 Qe6 20. f3 Nd7 21. Nc3
Bd4 22. Be3 Be5 23. Rd1 h5 24. Bd4 h4 25. f4 Bf6 26. Qd2 Rad8 27. f5 Qe7 28. Qf4
Ne5 29. gxh4 Bxh4 30. Kh1 Bg5 31. Qg3 f6 32. Rg1 Qf7 33. Be3 Bxe3 34. Qxe3 Qh5
35. Rg3 Nf7 36. Qf4 Qh6 37. Qxh6 Nxh6 38. Rgd3 Nf7 39. Kg2 Kf8 40. Rg3 Re7 41.
Kf2 Rde8 42. Rdg1 Ng5 43. h4 Nxe4+ 44. Nxe4 Rxe4 45. Rxg7 Rf4+ 46. Kg3 Ree4 47.
Rxb7 Rxh4 48. Rd1 Rhg4+ 49. Kf3 Rgf4+ 50. Kg3 Rg4+ 51. Kf3 1/2-1/2

[Event "16th ch-EUR Indiv w 2015"]
[Site "Chakvi GEO"]
[Date "2015.05.21"]
[Round "3.7"]
[White "Socko, Monika"]
[Black "Galojan, Lilit"]
[Result "1/2-1/2"]
[WhiteTitle "GM"]
[BlackTitle "IM"]
[WhiteElo "2467"]
[BlackElo "2275"]
[WhiteFideId "1106619"]
[BlackFideId "13301314"]
[EventDate "2015.05.19"]

1. e4 e5 2. Nf3 Nc6 3. Bc4 Bc5 4. c3 Nf6 5. d3 a6 6. Nbd2 O-O 7. O-O d6 8. Bb3
h6 9. h3 Re8 10. Re1 Be6 11. Nf1 Bxb3 12. axb3 d5 13. Qe2 dxe4 14. dxe4 Qd6 15.
b4 Bb6 16. Be3 Bxe3 17. Nxe3 Qe6 18. b5 axb5 19. Rxa8 Rxa8 20. Qxb5 Nxe4 21.
Qxb7 Rb8 22. Qxc7 Rxb2 23. Ng4 Nxc3 24. Nfxe5 Re2 25. Rxe2 Nxe2+ 26. Kf1 Ned4
27. Nxc6 Nxc6 28. Ne3 Ne7 29. Kg1 h5 30. Qc5 g6 31. g4 hxg4 32. hxg4 Qf6 33. f3
Kf8 34. Kg2 Qe6 35. Kf2 f6 36. Qb4 Kf7 37. Nc4 Qd5 38. Nd6+ Ke6 39. Ne4 f5 40.
Ng5+ Kd7 41. Nh7 Qa2+ 42. Kg3 fxg4 43. Qb7+ Ke8 44. Qb8+ Kf7 45. Ng5+ Kg7 46.
Qe5+ Kf8 47. Ne6+ Kf7 48. Ng5+ Ke8 49. Qb8+ Kd7 50. Qb7+ Kd8 51. Qb6+ Kd7 52.
Qb5+ Kd8 53. fxg4 Qd5 54. Qb6+ Kd7 55. Qa7+ Kd8 56. Qb8+ Kd7 57. Qa7+ 1/2-1/2

[Event "16th ch-EUR Indiv w 2015"]
[Site "Chakvi GEO"]
[Date "2015.05.21"]
[Round "3.9"]
[White "Galliamova, Alisa"]
[Black "Guramishvili, Sopiko"]
[Result "1-0"]
[WhiteTitle "IM"]
[BlackTitle "IM"]
[WhiteElo "2478"]
[BlackElo "2370"]
[WhiteFideId "4129725"]
[BlackFideId "13602888"]
[EventDate "2015.05.19"]

1. d4 Nf6 2. c4 g6 3. Nf3 Bg7 4. e3 O-O 5. Be2 d6 6. O-O Nc6 7. d5 Nb8 8. Nc3
Na6 9. Nd4 Bd7 10. Bf3 Rb8 11. Rb1 e5 12. dxe6 fxe6 13. b4 Qe7 14. Ndb5 Ne8 15.
Bd2 c6 16. Nxa7 Qh4 17. b5 cxb5 18. cxb5 Nc5 19. b6 Be5 20. h3 Ng7 21. a3 Nf5
22. Rb4 Qd8 23. Bg4 Ne7 24. e4 Nd3 25. Rb3 Nc5 26. Rb4 Nd3 27. Rb1 h5 28. Bf3
Nc5 29. Qe2 Nc6 30. Nxc6 bxc6 31. Qe3 Bf4 32. Qe1 Nd3 33. Qd1 Qg5 34. Bxf4 Nxf4
35. Kh1 e5 36. Qxd6 Rb7 37. Ne2 Nxh3 38. Rb3 Rf6 39. Qe7 Qh4 40. Qd8+ Kg7 41. g3
Nxf2+ 42. Kg2 Qh3+ 43. Kxf2 Be6 44. Ke1 Bxb3 45. Qxf6+ Kxf6 46. Bg2+ Qf5 47.
exf5 gxf5 48. Bxc6 Rxb6 49. Bf3 Ra6 50. Bxh5 Rxa3 51. Kf2 Bd5 52. Rd1 Be4 53.
Rd6+ Ke7 54. Rb6 Kd7 55. Rb2 Kd6 56. Rd2+ Ke6 57. Ng1 Ra8 58. Rb2 Kd6 59. Bf3
Bxf3 60. Nxf3 Ra5 61. Rb6+ Kd5 62. Rb2 Kd6 63. Nh4 f4 64. g4 e4 65. Kg2 Kc6 66.
Rf2 f3+ 67. Kg3 Kd5 68. Kf4 Kd4 69. Nf5+ Kd3 70. g5 Ra4 71. Ne3 Ra8 72. Nf5 Ra4
73. Ne3 Ra8 74. Ng4 Rf8+ 75. Nf6 Rf7 76. Ra2 e3 77. Kxf3 Rg7 78. Ra5 e2 79. Rd5+ 1-0

[Event "16th ch-EUR Indiv w 2015"]
[Site "Chakvi GEO"]
[Date "2015.05.21"]
[Round "3.10"]
[White "Hoang, Thanh Trang"]
[Black "Ovod, Evgenija"]
[Result "1-0"]
[WhiteTitle "GM"]
[BlackTitle "IM"]
[WhiteElo "2472"]
[BlackElo "2320"]
[WhiteFideId "12400149"]
[BlackFideId "4131827"]
[EventDate "2015.05.19"]

1. d4 d5 2. c4 c6 3. Nf3 Nf6 4. Qc2 g6 5. Bf4 Bf5 6. Qb3 Qb6 7. e3 Nbd7 8. Nc3
Bg7 9. h3 h6 10. g4 Be6 11. c5 Qxb3 12. axb3 a6 13. b4 g5 14. Bg3 O-O 15. Nd2
Nh7 16. Nb3 f5 17. Na5 Ra7 18. Be2 f4 19. Bh2 Rf6 20. O-O-O Nhf8 21. exf4 gxf4
22. Bd3 Bf7 23. Rhe1 b6 24. cxb6 Nxb6 25. h4 Bg6 26. g5 hxg5 27. hxg5 Rf7 28.
Nxc6 Rc7 29. Bxg6 Nxg6 30. Nd8 Na4 31. Nxf7 Nxc3 32. bxc3 Rxc3+ 33. Kb2 Rf3 34.
Nh6+ Bxh6 35. gxh6 Rxf2+ 36. Kc3 Rxh2 37. Rh1 Rf2 38. Rdg1 Rf3+ 39. Kd2 Rg3 40.
Rxg3 fxg3 41. Rg1 Kh7 42. Rxg3 Kxh6 43. Ra3 Kg5 44. Rxa6 Nf8 45. b5 Kf5 46. b6
Nd7 47. b7 Ke4 48. Ra8 Kxd4 49. Rd8 1-0

[Event "16th ch-EUR Indiv w 2015"]
[Site "Chakvi GEO"]
[Date "2015.05.21"]
[Round "3.11"]
[White "Khurtsidze, Nino"]
[Black "Charkhalashvili, Inga"]
[Result "1-0"]
[WhiteTitle "IM"]
[BlackTitle "WGM"]
[WhiteElo "2451"]
[BlackElo "2318"]
[WhiteFideId "13600320"]
[BlackFideId "13601431"]
[EventDate "2015.05.19"]

1. e4 e5 2. Nf3 Nc6 3. Bc4 Nf6 4. O-O Be7 5. d4 d6 6. h3 exd4 7. Re1 Ne5 8. Be2
c5 9. c3 dxc3 10. Nxc3 O-O 11. Bf4 Ng6 12. Bh2 Qb6 13. Qc2 Be6 14. Rad1 Rfd8 15.
Ng5 Bd7 16. Bc4 Be8 17. f4 Qb4 18. Qe2 h6 19. Nf3 b5 20. Nxb5 Bxb5 21. Bxb5 Rab8
22. a4 Nf8 23. e5 N6h7 24. f5 Rb6 25. exd6 Bxd6 26. Ne5 Qh4 27. Kh1 Bxe5 28.
Qxe5 Rxd1 29. Rxd1 Qf6 30. b3 Ng5 31. Bc4 Qxe5 32. Bxe5 Rb7 33. Rd8 Rd7 34. Rc8
Ne4 35. Kh2 h5 36. Bf4 h4 37. Be2 Rd5 38. Bf3 Rxf5 39. Be3 Ng5 40. Bg4 Re5 41.
Bxc5 Nh7 42. Bxa7 f5 43. Bf3 Kf7 44. Rc7+ Ke6 45. Rxg7 Nf6 46. Bd4 Re1 47. Bc5 1-0

[Event "16th ch-EUR Indiv w 2015"]
[Site "Chakvi GEO"]
[Date "2015.05.21"]
[Round "3.13"]
[White "Kursova, Maria"]
[Black "Arabidze, Meri"]
[Result "1/2-1/2"]
[WhiteTitle "WGM"]
[BlackTitle "IM"]
[WhiteElo "2267"]
[BlackElo "2403"]
[WhiteFideId "4129709"]
[BlackFideId "13604040"]
[EventDate "2015.05.19"]

1. d4 Nf6 2. Nf3 e6 3. c4 Bb4+ 4. Bd2 Qe7 5. g3 Bxd2+ 6. Qxd2 Nc6 7. a3 d5 8.
Qc2 O-O 9. Bg2 Rd8 10. O-O dxc4 11. Qxc4 e5 12. dxe5 Nxe5 13. Nxe5 Qxe5 14. Nc3
c6 15. Rad1 Re8 16. Rd2 Qh5 17. Rd4 Be6 18. Qa4 Bg4 19. e3 Be6 20. h3 a5 21.
Rfd1 h6 22. R1d2 Nh7 23. Qd1 Qxd1+ 24. Rxd1 Nf6 25. e4 Bb3 26. R1d2 g5 27. f4
gxf4 28. gxf4 Nh5 29. Ne2 c5 30. Rd7 Bc4 31. Rxb7 Bxe2 32. Rxe2 Nxf4 33. Rf2
Nxg2 34. Kxg2 Rxe4 35. Rfxf7 Rae8 36. Rg7+ Kh8 37. Rh7+ Kg8 38. Rhg7+ Kh8 39.
Rgc7 c4 40. Kf3 Rh4 41. Kg3 Rhe4 42. Ra7 Re2 43. Rxc4 Rxb2 44. Rxa5 Rb3+ 45. Kg4
Rg8+ 46. Kh4 Rgg3 47. Ra8+ Kg7 48. Rg4+ Rxg4+ 49. Kxg4 Rd3 50. a4 Rd4+ 51. Kf5
Rd5+ 52. Ke6 Rh5 53. a5 1/2-1/2

[Event "16th ch-EUR Indiv w 2015"]
[Site "Chakvi GEO"]
[Date "2015.05.21"]
[Round "3.14"]
[White "Arakhamia-Grant, Ketevan"]
[Black "Sedina, Elena"]
[Result "1/2-1/2"]
[WhiteTitle "GM"]
[BlackTitle "IM"]
[WhiteElo "2393"]
[BlackElo "2312"]
[WhiteFideId "13600168"]
[BlackFideId "812153"]
[EventDate "2015.05.19"]

1. e4 e6 2. d4 d5 3. Nc3 Nf6 4. e5 Nfd7 5. f4 c5 6. Nf3 Nc6 7. Be3 Qb6 8. Na4
Qa5+ 9. Nc3 Qb6 10. a3 cxd4 11. Nxd4 Bc5 12. Na4 Qa5+ 13. Nc3 Qb6 14. Na4 Qa5+
15. Nc3 Nxd4 16. Bxd4 Qb6 17. Na4 Qa5+ 18. Nc3 Qb6 19. Na4 Qa5+ 20. Nc3 1/2-1/2

[Event "16th ch-EUR Indiv w 2015"]
[Site "Chakvi GEO"]
[Date "2015.05.21"]
[Round "3.15"]
[White "Gaponenko, Inna"]
[Black "Zhorzholiani, Meri"]
[Result "1/2-1/2"]
[WhiteTitle "IM"]
[BlackTitle "WFM"]
[WhiteElo "2391"]
[BlackElo "2071"]
[WhiteFideId "14101181"]
[BlackFideId "13604031"]
[EventDate "2015.05.19"]

1. e4 e6 2. d4 d5 3. Nd2 c5 4. exd5 exd5 5. Ngf3 Nc6 6. Bb5 Bd6 7. dxc5 Bxc5 8.
O-O Ne7 9. Nb3 Bd6 10. Bg5 f6 11. Bh4 O-O 12. Re1 Qc7 13. Bg3 Bxg3 14. hxg3 Ne5
15. Nbd4 a6 16. Ba4 Bg4 17. Qd2 N7g6 18. Nh2 Bd7 19. Bxd7 Qxd7 20. Rad1 Rfe8 21.
b3 Rad8 22. Nf1 h5 23. Ne3 h4 24. Ndf5 hxg3 25. Nxg3 Nh4 26. Qb4 d4 27. Kf1 Qf7
28. Nef5 Nc6 29. Qd2 Nxf5 30. Nxf5 Qh5 31. Ng3 Qg4 32. Rxe8+ Rxe8 33. Re1 Re5
34. Qd1 Qf4 35. Qd3 Qh4 36. Rxe5 fxe5 37. Qf5 Qe7 38. Ne4 Qh4 39. Kg1 Qf4 40.
Qe6+ Kh7 41. Qh3+ Kg6 42. Qe6+ Kh7 43. f3 Nb4 44. Qh3+ Kg6 45. Qe6+ Kh7 46. Qh3+
Kg6 47. Qc8 Qc1+ 48. Kh2 Qh6+ 49. Kg1 Qc1+ 50. Kh2 Qh6+ 51. Kg1 1/2-1/2

[Event "16th ch-EUR Indiv w 2015"]
[Site "Chakvi GEO"]
[Date "2015.05.21"]
[Round "3.16"]
[White "Zaksaite, Salomeja"]
[Black "Matveeva, Svetlana"]
[Result "1-0"]
[WhiteTitle "WIM"]
[BlackTitle "IM"]
[WhiteElo "2203"]
[BlackElo "2380"]
[WhiteFideId "12801496"]
[BlackFideId "4119827"]
[EventDate "2015.05.19"]

1. e4 e6 2. d4 d5 3. Nd2 a6 4. Ngf3 c5 5. dxc5 Bxc5 6. Bd3 Nc6 7. O-O Nf6 8. a3
O-O 9. b4 Ba7 10. Bb2 b5 11. Re1 Bb7 12. Qe2 Re8 13. Rad1 e5 14. exd5 Nd4 15.
Nxd4 exd4 16. Qf3 Bxd5 17. Ne4 Kf8 18. Qf4 Bxe4 19. Bxe4 Qe7 20. Kf1 Nxe4 21. f3
g5 22. Qxe4 Qxe4 23. Rxe4 Rxe4 24. fxe4 Rc8 25. Rd2 Ke7 26. Ke2 Ke6 27. Kd3 Rc4
28. Rf2 Bb8 29. Rf5 Bxh2 30. Bxd4 Rc6 31. Rf6+ Kd7 32. Rxf7+ Ke8 33. Rxh7 Bf4
34. Rb7 Bc1 35. Rb6 Rxb6 36. Bxb6 Bxa3 37. c3 g4 38. Kc2 Kd7 39. Be3 a5 40. Kb3
axb4 41. cxb4 Ke6 42. Bf4 Bc1 43. Bxc1 Ke5 44. Kc3 Kxe4 45. Bd2 Kd5 1-0

[Event "16th ch-EUR Indiv w 2015"]
[Site "Chakvi GEO"]
[Date "2015.05.21"]
[Round "3.17"]
[White "Mkrtchian, Lilit"]
[Black "Mammadova, Gulnar"]
[Result "1-0"]
[WhiteTitle "IM"]
[BlackTitle "WGM"]
[WhiteElo "2459"]
[BlackElo "2293"]
[WhiteFideId "13300601"]
[BlackFideId "13403508"]
[EventDate "2015.05.19"]

1. c4 e6 2. g3 f5 3. Bg2 Nf6 4. Nf3 Be7 5. O-O O-O 6. b3 d6 7. d4 a5 8. Nc3 Qe8
9. Bb2 c6 10. e3 h6 11. Qe2 d5 12. Rfc1 Nbd7 13. c5 Bd8 14. Na4 Qh5 15. Rc2 Bc7
16. Ne5 Qxe2 17. Rxe2 Nxe5 18. dxe5 Nd7 19. f4 Re8 20. Bd4 Nf8 21. Rc2 Bd7 22.
Bf3 Re7 23. Kf2 Be8 24. h3 Bg6 25. a3 Ree8 26. Be2 Ra7 27. Rca2 Rea8 28. Bd3 Be8
29. g4 g6 30. Rg1 Kh7 31. Kf3 Rd8 32. Rag2 Rd7 33. gxf5 exf5 34. h4 h5 35. Bxf5
gxf5 36. Rg8 Bg6 37. Rxf8 Rd8 38. Rf6 Rg8 39. Nb6 Bxb6 40. cxb6 Raa8 41. Rd6
Rae8 42. Rg5 Re7 43. Bc3 Bf7 44. Rxf5 Rg4 45. Rg5 Rxh4 46. f5 c5 47. f6 1-0

[Event "16th ch-EUR Indiv w 2015"]
[Site "Chakvi GEO"]
[Date "2015.05.21"]
[Round "3.18"]
[White "Zhukova, Natalia"]
[Black "Stetsko, Lanita"]
[Result "1-0"]
[WhiteTitle "GM"]
[BlackTitle "FM"]
[WhiteElo "2456"]
[BlackElo "2286"]
[WhiteFideId "14101513"]
[BlackFideId "13505300"]
[EventDate "2015.05.19"]

1. d4 Nf6 2. c4 e6 3. Nf3 d5 4. Nc3 Bb4 5. Bg5 dxc4 6. e4 c5 7. dxc5 Qxd1+ 8.
Rxd1 Nfd7 9. Bxc4 Nc6 10. O-O Bxc3 11. bxc3 Nxc5 12. Nd4 Nxd4 13. Rxd4 Bd7 14.
Rfd1 f6 15. Be3 O-O-O 16. f3 e5 17. Rd5 Na4 18. Rxd7 Rxd7 19. Rxd7 Kxd7 20. Bb5+
Kd6 21. Bxa4 Rc8 22. Bd2 a6 23. Kf2 b5 24. Bb3 a5 25. Ke2 Rb8 26. Kd3 Kc5 27.
Be3+ Kd6 28. Bd5 Kd7 29. Ba7 Rc8 30. Bb6 a4 31. Ba5 Rb8 32. Bb4 h5 33. h4 g5 34.
hxg5 fxg5 35. Bc5 g4 36. fxg4 hxg4 37. Ke3 Rh8 38. Kf2 Rh1 39. Kg3 Rc1 40. Bb4
Rc2 41. Kxg4 1-0

[Event "16th ch-EUR Indiv w 2015"]
[Site "Chakvi GEO"]
[Date "2015.05.21"]
[Round "3.19"]
[White "Umudova, Nargiz"]
[Black "Melia, Salome"]
[Result "0-1"]
[WhiteTitle "WIM"]
[BlackTitle "IM"]
[WhiteElo "2275"]
[BlackElo "2452"]
[WhiteFideId "13402137"]
[BlackFideId "13602446"]
[EventDate "2015.05.19"]

1. e4 c5 2. Nf3 Nc6 3. Bb5 g6 4. O-O Bg7 5. Re1 Nf6 6. Nc3 O-O 7. e5 Ne8 8. Bxc6
dxc6 9. d3 Bg4 10. Re4 f5 11. Re1 Nc7 12. h3 Bh5 13. Bf4 Ne6 14. Qd2 Bxf3 15.
gxf3 Qd4 16. Ne2 Qd5 17. Qe3 Rad8 18. b3 Rf7 19. h4 h6 20. Rad1 g5 21. c4 Qd7
22. hxg5 hxg5 23. Bxg5 Bxe5 24. f4 Bc7 25. Nc1 Nxg5 26. fxg5 Qd6 27. Ne2 e5 28.
Nc3 Rg7 29. Kf1 Ba5 30. Qc1 Qd4 31. Ne2 Qg4 32. Nc3 Rxg5 33. Re3 f4 34. Ne4 Qg2+
35. Ke2 fxe3 36. Qxe3 Qg4+ 0-1

[Event "16th ch-EUR Indiv w 2015"]
[Site "Chakvi GEO"]
[Date "2015.05.21"]
[Round "3.20"]
[White "Zawadzka, Jolanta"]
[Black "Ibrahimova, Sabina"]
[Result "1-0"]
[WhiteTitle "WGM"]
[BlackTitle "WIM"]
[WhiteElo "2434"]
[BlackElo "2272"]
[WhiteFideId "1122320"]
[BlackFideId "13403893"]
[EventDate "2015.05.19"]

1. e4 c5 2. Nf3 Nc6 3. Bb5 g6 4. c3 Qb6 5. a4 a6 6. Bc4 Bg7 7. O-O d6 8. Re1 e6
9. Na3 Nge7 10. Bf1 O-O 11. Nc4 Qd8 12. a5 e5 13. d3 Rb8 14. b4 cxb4 15. cxb4
Bg4 16. Be2 d5 17. Nb6 h6 18. Ba3 Re8 19. Rc1 Be6 20. Qc2 Na7 21. Bb2 d4 22. Nd2
Nec6 23. Ndc4 Nb5 24. Qd2 Bf8 25. Rf1 Be7 26. Rb1 Bg5 27. Qe1 h5 28. Bd1 Be7 29.
Ba1 Bg5 30. Ba4 h4 31. Qe2 Nc3 32. Bxc3 dxc3 33. Bxc6 Bxc4 34. Bxe8 Bxd3 35. Qf3
Bxb1 36. Bxf7+ Kg7 37. Qxc3 Bd3 38. Rd1 Qd4 39. Qc7 Rf8 40. Bd5+ Kh6 41. Qc5
Qxc5 42. bxc5 Bc2 43. Ra1 Rd8 44. Bxb7 Rd4 45. h3 Bf4 46. c6 Bxe4 47. f3 Be3+
48. Kh1 1-0

[Event "16th ch-EUR Indiv w 2015"]
[Site "Chakvi GEO"]
[Date "2015.05.21"]
[Round "3.22"]
[White "Vojinovic, Jovana"]
[Black "Daulyte, Deimante"]
[Result "1-0"]
[WhiteTitle "WGM"]
[BlackTitle "IM"]
[WhiteElo "2262"]
[BlackElo "2402"]
[WhiteFideId "937266"]
[BlackFideId "12802859"]
[EventDate "2015.05.19"]

1. Nf3 d5 2. d4 Nf6 3. c4 e6 4. Bg5 h6 5. Bxf6 Qxf6 6. Nc3 Bb4 7. e3 O-O 8. Rc1
Nd7 9. a3 Bxc3+ 10. Rxc3 dxc4 11. Bxc4 e5 12. O-O c6 13. Ba2 exd4 14. exd4 Nb6
15. Ne5 Be6 16. Rf3 Qe7 17. Bb1 Rfd8 18. Re1 Qd6 19. Qc2 Qxd4 20. Qh7+ Kf8 21.
Ng6+ Ke8 22. Rd3 Qxd3 23. Bxd3 Rxd3 24. Qxg7 Kd8 25. Ne5 Rd5 26. f4 Kc7 27. f5
Bxf5 28. Nxf7 Nd7 29. Qg3+ Kb6 30. Nd6 Bd3 31. Re3 Bc2 32. h3 Rf8 33. Rc3 Bd1
34. Nc4+ Ka6 35. Ne3 Rd4 36. Qg7 Rff4 37. Qxh6 Be2 38. Kh2 Nf6 39. Qg6 Ne4 40.
Rxc6+ Kb5 41. Rc2 Bd3 42. Qe8+ Ka6 43. Qe5 Nd6 44. Rc5 b6 45. Rd5 1-0

[Event "16th ch-EUR Indiv w 2015"]
[Site "Chakvi GEO"]
[Date "2015.05.21"]
[Round "3.23"]
[White "Isgandarova, Khayala"]
[Black "Atalik, Ekaterina"]
[Result "1-0"]
[WhiteTitle "WIM"]
[BlackTitle "IM"]
[WhiteElo "2243"]
[BlackElo "2392"]
[WhiteFideId "13401823"]
[BlackFideId "4130189"]
[EventDate "2015.05.19"]

1. e4 Nf6 2. e5 Nd5 3. d4 d6 4. c4 Nb6 5. exd6 cxd6 6. Be3 g6 7. Nc3 Bg7 8. Rc1
O-O 9. Be2 Nc6 10. d5 Ne5 11. b3 a5 12. f4 Ned7 13. Nf3 Nf6 14. O-O Ng4 15. Bd4
Bxd4+ 16. Qxd4 Nd7 17. Na4 Qc7 18. h3 Ngf6 19. g4 Ne8 20. Bd3 Nc5 21. Nxc5 Qxc5
22. Qxc5 dxc5 23. Rce1 e6 24. dxe6 fxe6 25. Ng5 Ra6 26. Re5 Rd6 27. Rxc5 Bd7 28.
Bb1 b6 29. Re5 h6 30. Ne4 Rd4 31. c5 Bb5 32. Re1 bxc5 33. Rxe6 Rxf4 34. Rxg6+
Kf7 35. Rxh6 Nf6 36. Ng5+ 1-0